Skoczkowie bez zwycięstwa w Pucharze Świata #2 - Statystyki

Ogólne statystyki
  • Ten quiz został rozwiązany 457 razy
  • Średni wynik to 3 z 8
Answers on the Grid
Answers color-coded by a green-red scale on the quiz's grid according to % correct below.
Kacper Tomasiak
Gregor Deschwanden
Stephan Embacher
Tomofumi Naito
Naoki Nakamura
Manuel Fettner
Paweł Wąsek
Benjamin Oestvold
Daniel Tschofenig
Simon Ammann
Aleksander Zniszczoł
Lovro Kos
Piotr Żyła
Dawid Kubacki
Kamil Stoch
 
Statystyki odpowiedzi
Odpowiedź % Poprawnych
Kacper Tomasiak
96%
Paweł Wąsek
47%
Benjamin Oestvold
37%
Aleksander Zniszczoł
35%
Naoki Nakamura
29%
Gregor Deschwanden
24%
Tomofumi Naito
22%
Simon Ammann
20%
Nie znaleziono quizów pasujących do podanych kryteriów
Rozkład punktacji
Procent ludzi z każdym wynikiem
Percentyl według liczby udzielonych odpowiedzi
Twoja historia wyników
Nie rozwiązałeś tego quizu